Learning Resource and Development

Canada : (Record no. 19181)

MARC details
000 -LEADER
fixed length control field 00807nam a2200205Li 4500
001 - CONTROL NUMBER
control field canadaadventuret00slmi
003 - CONTROL NUMBER IDENTIFIER
control field CaSfIA
005 - DATE AND TIME OF LATEST TRANSACTION
control field 20230525154845.0
007 - PHYSICAL DESCRIPTION FIXED FIELD--GENERAL INFORMATION
fixed length control field cr||||
008 - FIXED-LENGTH DATA ELEMENTS--GENERAL INFORMATION
fixed length control field 950328q19701979xx f000 0 eng d
040 ## - CATALOGING SOURCE
Original cataloging agency UBY
Transcribing agency UBY
Modifying agency CaSfIA
035 ## - SYSTEM CONTROL NUMBER
System control number (OCoLC)78533207
245 00 - TITLE STATEMENT
Title Canada :
Medium [electronic resource]
Remainder of title adventure tours off the trans-Canada highway.
260 ## - PUBLICATION, DISTRIBUTION, ETC.
Place of publication, distribution, etc. [S.l. :
Name of publisher, distributor, etc. Minister of Industry, Trade and Commerce,
Date of publication, distribution, etc. 197-?]
300 ## - PHYSICAL DESCRIPTION
Extent 144 p. :
Other physical details ill (some col.), maps ;
Dimensions 18 x 23 cm.
500 ## - GENERAL NOTE
General note Cover title.
651 #0 - SUBJECT ADDED ENTRY--GEOGRAPHIC NAME
Geographic name Canada
General subdivision Description and travel.
856 41 - ELECTRONIC LOCATION AND ACCESS
Uniform Resource Identifier <a href="http://www.archive.org/details/canadaadventuret00slmi">http://www.archive.org/details/canadaadventuret00slmi</a>
Public note Free eBook from the Internet Archive
856 42 - ELECTRONIC LOCATION AND ACCESS
Uniform Resource Identifier <a href="http://www.openlibrary.org/books/OL24368325M">http://www.openlibrary.org/books/OL24368325M</a>
Public note Additional information and access via Open Library
Holdings
Withdrawn status Lost status Damaged status Not for loan Collection Home library Current library Date acquired Total Checkouts Date last seen Price effective from Koha item type
        Project Gutenberg Main Library Main Library 05/25/2023   05/25/2023 05/25/2023 EBooks